000 01759nam a2200397Ia 4500
001 ebr10216921
003 CaPaEBR
006 m u
007 cr cn|||||||||
008 941024s1995 ilua sb 101 0 eng d
010 _z 94041674
020 _z0226468208 (cloth : acid-free paper)
020 _z0226468216 (pbk. : acid-free paper)
020 _z9780226468204
020 _z9780226468587
040 _aCaPaEBR
_cCaPaEBR
035 _a(OCoLC)290521124
050 1 4 _aHD2326 .C66 1995eb
245 0 0 _aCoordination and information
_h[electronic resource] :
_bhistorical perspectives on the organization of enterprise /
_cedited by Naomi R. Lamoreaux and Daniel M.G. Raff.
260 _aChicago :
_bUniversity of Chicago Press,
_c1995.
300 _aviii, 337 p. :
_bill.
490 1 _aA National Bureau of Economic Research Conference report
504 _aIncludes bibliographical references and indexes.
533 _aElectronic reproduction.
_bPalo Alto, Calif. :
_cebrary,
_d2009.
_nAvailable via World Wide Web.
_nAccess may be limited to ebrary affiliated libraries.
650 0 _aBusiness intelligence
_vCongresses.
650 0 _aComparative organization
_vCongresses.
650 0 _aIndustrial organization (Economic theory)
_vCongresses.
650 0 _aIndustrial organization
_xHistory
_vCongresses.
650 0 _aIndustrial organization
_zUnited States
_xHistory
_vCongresses.
655 7 _aElectronic books.
_2local
700 1 _aLamoreaux, Naomi R.
700 1 _aRaff, Daniel M. G.
710 2 _aebrary, Inc.
830 0 _aConference report (National Bureau of Economic Research)
856 4 0 _uhttp://site.ebrary.com/lib/rucke/Doc?id=10216921
_zAn electronic book accessible through the World Wide Web; click to view
999 _c231133
_d231133